Whitaker's concise almanack 2011 / (Record no. 15861)
[ view plain ]
| 000 -LEADER | |
|---|---|
| fixed length control field | 01476nam a2200217 a 4500 |
| 001 - CONTROL NUMBER | |
| control field | ASIN1408128519 |
| 005 - DATE AND TIME OF LATEST TRANSACTION | |
| control field | 20170105102927.0 |
| 008 - FIXED-LENGTH DATA ELEMENTS--GENERAL INFORMATION | |
| fixed length control field | 131212s2010 xxu eng d |
| 020 ## - INTERNATIONAL STANDARD BOOK NUMBER | |
| International Standard Book Number | 1408128519 (paperback) |
| Terms of availability | $34.95 |
| 020 ## - INTERNATIONAL STANDARD BOOK NUMBER | |
| International Standard Book Number | 9781408128510 (paperback) |
| 040 ## - CATALOGING SOURCE | |
| Original cataloging agency | 0 |
| 082 04 - DEWEY DECIMAL CLASSIFICATION NUMBER | |
| Classification number | 032.02 |
| Author Mark | WHI |
| 100 1# - MAIN ENTRY--PERSONAL NAME | |
| Personal name | Whitaker's. |
| 245 10 - TITLE STATEMENT | |
| Title | Whitaker's concise almanack 2011 / |
| Statement of responsibility, etc. | Whitaker's. |
| 260 ## - PUBLICATION, DISTRIBUTION, ETC. | |
| Place of publication, distribution, etc. | [S.l.] : |
| Name of publisher, distributor, etc. | A&C Black, |
| Date of publication, distribution, etc. | 2010. |
| 300 ## - PHYSICAL DESCRIPTION | |
| Extent | 752 p. ; |
| Dimensions | 23 cm. |
| 520 ## - SUMMARY, ETC. | |
| Summary, etc. | Whitaker's Concise Almanack 2011 is the definitive reference guide to the UK. A softback, shorter version of its big sister, Whitaker's Almanack, the Concise edition is a UK-centric goldmine of information with enormous breadth of coverage. The main difference between this and the standard edition is that it doesn't include the international coverage of the standard edition, so the reader with an interest in UK facts and figures is really getting value for money at less than half the price. Areas of coverage include: government and politics, communications, private and state education, religion, environment, cultural heritage, the UK legal system, royalty and peerage, social welfare (including pensions!), IT, mobile phone industry, environment, heritage, astronomy of course, and much more - quite simply, the UK in one volume! � |
| 650 #0 - SUBJECT ADDED ENTRY--TOPICAL TERM | |
| Topical term or geographic name entry element | Almanacs, English |
| 856 40 - ELECTRONIC LOCATION AND ACCESS | |
| Materials specified | Amazon.com |
| Uniform Resource Identifier | <a href="http://www.amazon.com/exec/obidos/ASIN/1408128519/chopaconline-20">http://www.amazon.com/exec/obidos/ASIN/1408128519/chopaconline-20</a> |
| 942 ## - ADDED ENTRY ELEMENTS (KOHA) | |
| Source of classification or shelving scheme | |
| Koha item type | Book |
| Withdrawn status | Lost status | Damaged status | Not for loan | Collection code | Permanent Location | Current Location | Shelving location | Date acquired | Total Checkouts | Full call number | Barcode | Date last seen | Price effective from | Koha item type |
|---|---|---|---|---|---|---|---|---|---|---|---|---|---|---|
| Centre for International Peace & Stability (CIPS) | Centre for International Peace & Stability (CIPS) | General Stacks | 10/02/2013 | 032.02 WHI 2011 | CIPS0002196 | 12/12/2013 | 12/12/2013 | Book |
